[Event "Porto Sant Elpidio op 17th"]
[Site "Porto Sant Elpidio"]
[Date "2014.11.29"]
[Round "4"]
[White "Viviani, Alessio"]
[Black "Di Donatantonio, Franco"]
[Result "1-0"]
[WhiteElo "2132"]
[BlackElo "2115"]
[PlyCount "45"]
[EventDate "2014.11.22"]
[EventType "swiss"]
[EventRounds "6"]
[EventCountry "ITA"]
[SourceTitle "EXT 2017"]
[Source "ChessBase"]
[SourceDate "2016.10.25"]
[SourceVersion "1"]
[SourceVersionDate "2016.10.25"]
[SourceQuality "1"]

1. d4 d6 2. Nf3 Nd7 3. Bf4 c5 4. e3 cxd4 5. exd4 Ngf6 6. Nbd2 e6 7. Bd3 Be7 8. 0-0 0-0 9. h3 Nd5 10. Bg3 Nb4 11. Be2 Nf6 12. c4 b6 13. a3 Nc6 14. b4 a6 15. d5 exd5 16. cxd5 Nb8 17. Nc4 Ne4 18. Bh2 Nd7 19. Bd3 Nc3 20. Qd2 Bf6 21. Rac1 b5 22. Nxd6 Nxd5 23. Be4 1-0

[Event "Porto San Giorgio op 23rd"]
[Site "Porto San Giorgio"]
[Date "2011.08.28"]
[Round "9"]
[White "Fierro Baquero, Martha Lorena"]
[Black "Di Donatantonio, Franco"]
[Result "1/2-1/2"]
[WhiteElo "2381"]
[BlackElo "2143"]
[PlyCount "69"]
[EventDate "2011.08.21"]
[EventType "swiss"]
[EventRounds "9"]
[EventCountry "ITA"]
[SourceTitle "CBM 144 Extra"]
[Source "ChessBase"]
[SourceDate "2011.10.28"]
[SourceVersion "1"]
[SourceVersionDate "2011.10.28"]
[SourceQuality "1"]

1. e4 d6 2. d4 Nf6 3. Nc3 Nbd7 4. Nf3 e5 5. Bc4 Be7 6. 0-0 0-0 7. Re1 c6 8. a4 Qc7 9. a5 h6 10. Ba2 Re8 11. Nh4 Nf8 12. dxe5 dxe5 13. Qf3 Be6 14. Nf5 Bxa2 15. Rxa2 Ng6 16. g3 Nh7 17. h4 Bf8 18. Rd1 Rad8 19. Be3 Bb4 20. Rda1 Ra8 21. Ra4 Bxc3 22. bxc3 Ne7 23. g4 Nxf5 24. exf5 Qd8 25. Qg3 Qd7 26. Rb4 h5 27. Rab1 b6 28. axb6 axb6 29. Rxb6 hxg4 30. Qxg4 Nf6 31. Qg5 Ne4 32. Qh5 Nf6 33. Qg5 Ne4 34. Qh5 Nf6 35. Qg5 1/2-1/2

[Event "Porto San Giorgio op 23rd"]
[Site "Porto San Giorgio"]
[Date "2011.08.26"]
[Round "7"]
[White "Carnicelli, Valerio"]
[Black "Di Donatantonio, Franco"]
[Result "0-1"]
[WhiteElo "1898"]
[BlackElo "2143"]
[PlyCount "50"]
[EventDate "2011.08.21"]
[EventType "swiss"]
[EventRounds "9"]
[EventCountry "ITA"]
[SourceTitle "CBM 144 Extra"]
[Source "ChessBase"]
[SourceDate "2011.10.28"]
[SourceVersion "1"]
[SourceVersionDate "2011.10.28"]
[SourceQuality "1"]

1. e4 d6 2. d4 Nf6 3. Nc3 Nbd7 4. Be3 e5 5. f3 Be7 6. g4 h6 7. Qd2 c6 8. 0-0-0 b5 9. Nce2 c5 10. dxc5 Nxc5 11. Ng3 a6 12. h4 Be6 13. g5 Nfd7 14. Kb1 hxg5 15. hxg5 Rxh1 16. Nxh1 Qc7 17. Ng3 g6 18. f4 exf4 19. Bxf4 Ne5 20. Qh2 0-0-0 21. Bh3 Bxh3 22. Qxh3+ Kb7 23. N1e2 Ne6 24. Qh6 Qc8 25. Rg1 Rh8 0-1

[Event "Offida Winter op 8th"]
[Site "Offida"]
[Date "2010.12.05"]
[Round "2"]
[White "Di Donatantonio, Franco"]
[Black "Gregori, Giacomo"]
[Result "1/2-1/2"]
[WhiteElo "2123"]
[BlackElo "1902"]
[PlyCount "93"]
[EventDate "2010.12.05"]
[EventType "swiss"]
[EventRounds "6"]
[EventCountry "ITA"]
[SourceTitle "EXT 2024"]
[Source "ChessBase"]
[SourceDate "2023.10.10"]
[SourceVersion "1"]
[SourceVersionDate "2023.10.10"]
[SourceQuality "1"]

1. e4 d6 2. Nf3 Nf6 3. d3 e5 4. Be2 Be7 5. 0-0 0-0 6. Re1 c6 7. Nbd2 Nbd7 8. c3 Re8 9. Nf1 Bf8 10. Ng3 g6 11. h3 Bg7 12. Be3 Nf8 13. Qc2 Qc7 14. Rad1 b5 15. d4 a6 16. dxe5 dxe5 17. Bc5 N6d7 18. Bd6 Qa7 19. c4 Bb7 20. a4 Qb6 21. b4 Rac8 22. c5 Qd8 23. a5 Qf6 24. Nh2 h5 25. Bxf8 Nxf8 26. Rd6 Ne6 27. Bxh5 gxh5 28. Nxh5 Qg5 29. Nxg7 Qxg7 30. Re3 Kf8 31. Rg3 Qh8 32. Nf3 Rcd8 33. Qd2 f6 34. Rg4 Kf7 35. Nh4 Rxd6 36. cxd6 Rg8 37. Nf5 Rxg4 38. hxg4 Qf8 39. d7 Kg6 40. Nd6 Nd8 41. f4 c5 42. f5+ Kh7 43. Nxb7 Nxb7 44. Qd5 Nd8 45. bxc5 Qh6 46. Qd6 Qe3+ 47. Kh2 1/2-1/2

[Event "San Benedetto del Tronto Martire 3rd"]
[Site "San Benedetto del Tronto"]
[Date "2010.11.14"]
[Round "5"]
[White "D'Angelo, Angelo"]
[Black "Di Donatantonio, Franco"]
[Result "1/2-1/2"]
[WhiteElo "2217"]
[BlackElo "2123"]
[PlyCount "20"]
[EventDate "2010.11.07"]
[EventType "swiss"]
[EventRounds "6"]
[EventCountry "ITA"]
[SourceTitle "EXT 2024"]
[Source "ChessBase"]
[SourceDate "2023.10.10"]
[SourceVersion "1"]
[SourceVersionDate "2023.10.10"]
[SourceQuality "1"]

1. e4 d6 2. d4 Nf6 3. Nc3 Nbd7 4. Nf3 e5 5. Bc4 Be7 6. 0-0 0-0 7. Re1 c6 8. a4 Qc7 9. Bg5 Re8 10. Qd2 Nf8 1/2-1/2

[Event "Di Roseto op 1st"]
[Site "Di Roseto"]
[Date "2010.06.11"]
[Round "8"]
[White "Barlocco, Carlo"]
[Black "Di Donatantonio, Franco"]
[Result "1-0"]
[WhiteElo "2156"]
[BlackElo "2136"]
[PlyCount "93"]
[EventDate "2010.06.04"]
[EventType "swiss"]
[EventRounds "9"]
[EventCountry "ITA"]
[SourceTitle "CBM 136 Extra"]
[Source "ChessBase"]
[SourceDate "2010.07.02"]
[SourceVersion "2"]
[SourceVersionDate "2010.07.15"]
[SourceQuality "1"]

1. c4 d6 2. d4 Nd7 3. Nf3 Ngf6 4. Nc3 e5 5. g3 c6 6. Bg2 Be7 7. 0-0 0-0 8. e4 Qc7 9. h3 Re8 10. Be3 Nf8 11. Qc2 Ng6 12. d5 c5 13. a3 a6 14. Rfc1 Bd7 15. Bf1 b6 16. b4 h6 17. Qb3 Nh7 18. a4 Reb8 19. Rcb1 Qc8 20. Kh2 f5 21. exf5 Bxf5 22. Re1 Bf6 23. g4 Bxg4 24. hxg4 Qxg4 25. Ng1 e4 26. Bh3 Qh4 27. Nge2 Ne5 28. Kg2 Qh5 29. Ng3 Qf3+ 30. Kf1 Nd3 31. Ncxe4 Nxe1 32. Nd2 Bxa1 33. Nxf3 Nxf3 34. Qd1 Nfg5 35. Qxa1 Nxh3 36. Nf5 Ra7 37. Nxd6 cxb4 38. a5 Rd7 39. Qe5 b3 40. Bd4 N7g5 41. axb6 b2 42. Bxb2 Rxb6 43. Qe8+ Kh7 44. Qxd7 Rxb2 45. Qf5+ Kg8 46. Ne4 Rxf2+ 47. Nxf2 1-0

[Event "Di Roseto op 1st"]
[Site "Di Roseto"]
[Date "2010.06.05"]
[Round "2"]
[White "Di Donatantonio, Franco"]
[Black "Marholev, Dimitar"]
[Result "0-1"]
[WhiteElo "2136"]
[BlackElo "2433"]
[PlyCount "42"]
[EventDate "2010.06.04"]
[EventType "swiss"]
[EventRounds "9"]
[EventCountry "ITA"]
[SourceTitle "CBM 136 Extra"]
[Source "ChessBase"]
[SourceDate "2010.07.02"]
[SourceVersion "2"]
[SourceVersionDate "2010.07.15"]
[SourceQuality "1"]

1. d3 e5 2. Nf3 Nc6 3. e4 g6 4. Be2 Bg7 5. 0-0 Nge7 6. c3 0-0 7. Nbd2 d6 8. Re1 h6 9. Nf1 f5 10. exf5 gxf5 11. Qa4 f4 12. Qc2 Kh8 13. Bd2 Bf5 14. h3 Ng6 15. Rad1 Qc8 16. N3h2 Nh4 17. Bg4 h5 18. Bxh5 Bxh3 19. Bf3 Nxf3+ 20. gxf3 Bf6 21. Ng3 Rg8 0-1

[Event "Teramo Province-ch"]
[Site "Teramo"]
[Date "2010.01.23"]
[Round "2"]
[White "Pescatore, Lorenzo"]
[Black "Di Donatantonio, Franco"]
[Result "1-0"]
[WhiteElo "1917"]
[BlackElo "2143"]
[PlyCount "95"]
[EventDate "2010.01.23"]
[EventType "swiss"]
[EventRounds "5"]
[EventCountry "ITA"]
[SourceTitle "EXT 2024"]
[Source "ChessBase"]
[SourceDate "2023.10.10"]
[SourceVersion "1"]
[SourceVersionDate "2023.10.10"]
[SourceQuality "1"]

1. e4 d6 2. d4 Nf6 3. Nc3 Nbd7 4. Nf3 e5 5. Bc4 h6 6. h3 Be7 7. Be3 0-0 8. Qd2 c6 9. a4 Qc7 10. 0-0 exd4 11. Nxd4 Ne5 12. Be2 Bd7 13. f4 Ng6 14. Bf3 a6 15. a5 c5 16. Nde2 Nh4 17. e5 Nxf3+ 18. Rxf3 dxe5 19. fxe5 Qxe5 20. Bf4 Qh5 21. Bd6 Bxd6 22. Qxd6 Bc6 23. Ng3 Qg6 24. Nf5 Rfe8 25. Rf2 Bxg2 26. Nh4 Qh5 27. Nxg2 Qxh3 28. Qf4 Rad8 29. Rd1 Rd4 30. Rxd4 cxd4 31. Nd5 Re6 32. Nxf6+ Rxf6 33. Qb8+ Kh7 34. Rxf6 gxf6 35. Qxb7 Qe6 36. Qb6 Qe4 37. Qxf6 Kg8 38. Qxh6 Qxc2 39. Qg5+ Kh7 40. Qh4+ Kg8 41. Qd8+ Kh7 42. Qxd4 Qc1+ 43. Kh2 Qc7+ 44. Qf4 Qxa5 45. Qxf7+ Kh6 46. Kg3 Qg5+ 47. Kf3 Qd2 48. Qf4+ 1-0

[Event "Porto San Giorgio op-A 21st"]
[Site "Porto San Giorgio"]
[Date "2009.08.22"]
[Round "2"]
[White "Naumkin, Igor"]
[Black "Di Donatantonio, Franco"]
[Result "1-0"]
[WhiteElo "2481"]
[BlackElo "2143"]
[PlyCount "75"]
[EventDate "2009.08.21"]
[EventType "swiss"]
[EventRounds "9"]
[EventCountry "ITA"]
[SourceTitle "CBM 131 Extra"]
[Source "ChessBase"]
[SourceDate "2009.09.03"]
[SourceVersion "2"]
[SourceVersionDate "2009.09.16"]
[SourceQuality "1"]

1. d4 d6 2. Nf3 Nd7 3. c4 e5 4. Nc3 Ngf6 5. e4 Be7 6. Be2 c6 7. 0-0 0-0 8. d5 Qc7 9. Be3 Re8 10. Nd2 Nf8 11. Kh1 Ng6 12. g3 h6 13. f4 exf4 14. gxf4 Nh7 15. Rg1 Kh8 16. Bh5 Nhf8 17. Bd4 c5 18. Be3 Bf6 19. f5 Ne5 20. Qe2 Qe7 21. Qg2 Nh7 22. Be2 Bd7 23. Raf1 Rg8 24. Qh3 a6 25. Rg3 Bg5 26. Bxg5 Nxg5 27. Qg2 Qf6 28. Bd1 b5 29. Ne2 bxc4 30. Nf4 Nd3 31. Nh5 Qxb2 32. Rxg5 Bb5 33. f6 g6 34. Nf4 c3 35. Qh3 Kh7 36. Rg2 Nxf4 37. Rxf4 Qc1 38. Qxh6+ 1-0

[Event "Porto San Giorgio op 20th"]
[Site "Porto San Giorgio"]
[Date "2008.08.24"]
[Round "4"]
[White "Di Donatantonio, Franco"]
[Black "Stromboli, Ettore"]
[Result "0-1"]
[WhiteElo "2135"]
[BlackElo "2300"]
[PlyCount "72"]
[EventDate "2008.08.21"]
[EventType "swiss"]
[EventRounds "9"]
[EventCountry "ITA"]
[SourceTitle "CBM 126 Extra"]
[Source "ChessBase"]
[SourceDate "2008.11.05"]
[SourceVersion "1"]
[SourceVersionDate "2008.11.05"]
[SourceQuality "1"]

1. d3 e6 2. e4 d5 3. Nd2 Nf6 4. Ngf3 b6 5. c3 Bb7 6. Qc2 c5 7. Be2 Nc6 8. 0-0 Be7 9. Re1 Qc7 10. exd5 Nxd5 11. Ne4 h6 12. c4 Nf6 13. Bd2 0-0 14. Bc3 Nxe4 15. dxe4 e5 16. a3 Rad8 17. Rad1 Nd4 18. Nxd4 exd4 19. Bd2 Bd6 20. h3 Bc8 21. Bd3 Be6 22. Rf1 b5 23. Rc1 bxc4 24. Bxc4 Bxc4 25. Qxc4 Qb7 26. e5 Bxe5 27. Qxc5 Qxb2 28. Bxh6 Bf6 29. Bg5 Bxg5 30. Qxg5 d3 31. Ra1 d2 32. Rfb1 Qc2 33. Rd1 Rfe8 34. Qg4 Qc3 35. Qb4 Qf6 36. Qg4 Qxa1 0-1

[Event "Cattolica op-B 3rd"]
[Site "Cattolica"]
[Date "2007.05.12"]
[Round "2"]
[White "Di Donatantonio, Franco"]
[Black "Trebeschi, Andrea"]
[Result "1-0"]
[WhiteElo "2111"]
[BlackElo "2057"]
[PlyCount "79"]
[EventDate "2007.05.11"]
[EventType "swiss"]
[EventRounds "5"]
[EventCountry "ITA"]
[SourceTitle "EXT 2024"]
[Source "ChessBase"]
[SourceDate "2023.10.10"]
[SourceVersion "1"]
[SourceVersionDate "2023.10.10"]
[SourceQuality "1"]

1. e4 d6 2. d4 Nf6 3. Nc3 g6 4. Bg5 Bg7 5. f3 c6 6. Qd2 b5 7. Nge2 Nbd7 8. Ng3 Bb7 9. Bh6 Bxh6 10. Qxh6 Qa5 11. Qd2 a6 12. a3 Qc7 13. Bd3 c5 14. d5 Ne5 15. 0-0 Rc8 16. Be2 0-0 17. f4 Ned7 18. h4 b4 19. Nd1 a5 20. Ne3 Ra8 21. h5 Ba6 22. Bxa6 Rxa6 23. Qe2 Ra7 24. Nc4 Nb6 25. hxg6 fxg6 26. Rad1 Nxc4 27. Qxc4 bxa3 28. bxa3 Rb7 29. f5 Qb6 30. fxg6 hxg6 31. e5 dxe5 32. d6+ Kg7 33. Ne4 Nxe4 34. Rxf8 Kxf8 35. Qxe4 exd6 36. Qxg6 c4+ 37. Kh2 Qf2 38. Qxd6+ Re7 39. Qh6+ Kf7 40. Qh7+ 1-0

[Event "Porto Sant Elpidio op-A 5th"]
[Site "Porto Sant Elpidio"]
[Date "2002.11.09"]
[Round "4"]
[White "Di Donatantonio, Franco"]
[Black "Fioravanti, Diego"]
[Result "0-1"]
[WhiteElo "1843"]
[BlackElo "1855"]
[PlyCount "68"]
[EventDate "2002.11.02"]
[EventType "swiss"]
[EventRounds "6"]
[EventCountry "ITA"]
[SourceTitle "EXT 2024"]
[Source "ChessBase"]
[SourceDate "2023.10.10"]
[SourceVersion "1"]
[SourceVersionDate "2023.10.10"]
[SourceQuality "1"]

1. e4 e5 2. Nf3 Nf6 3. d3 Nc6 4. c3 d5 5. Nbd2 d4 6. Be2 dxc3 7. bxc3 Bd6 8. 0-0 0-0 9. Nc4 Be6 10. Nxd6 Qxd6 11. Ng5 Rfd8 12. Nxe6 Qxe6 13. Qc2 Rd7 14. f4 Rad8 15. f5 Qe7 16. Be3 b5 17. g4 h6 18. h4 Nxg4 19. Bxg4 Qxh4 20. Qg2 Rxd3 21. Bf2 Qf6 22. Be1 b4 23. Be2 Re3 24. Bb5 bxc3 25. Bf2 Rd2 26. Qg4 h5 27. Qxh5 Rxe4 28. Rad1 g6 29. Qh6 Rg4+ 30. Kh1 Rxf2 31. Rxf2 Rh4+ 32. Rh2 Rxh6 33. Rxh6 Qg5 34. Rh2 c2 0-1

[Event "Porto Sant Elpidio op 4th"]
[Site "Porto Sant Elpidio"]
[Date "2001.11.01"]
[Round "1"]
[White "Baleani, Emanuele"]
[Black "Di Donatantonio, Franco"]
[Result "0-1"]
[WhiteElo "1572"]
[BlackElo "1789"]
[PlyCount "78"]
[EventDate "2001.11.01"]
[EventType "swiss"]
[EventRounds "6"]
[EventCountry "ITA"]
[SourceTitle "EXT 2024"]
[Source "ChessBase"]
[SourceDate "2023.10.10"]
[SourceVersion "1"]
[SourceVersionDate "2023.10.10"]
[SourceQuality "1"]

1. e4 c5 2. Nf3 e6 3. d4 cxd4 4. Nxd4 Nc6 5. Nc3 Qc7 6. Be3 Nf6 7. Be2 a6 8. 0-0 Be7 9. f4 d6 10. Kh1 Bd7 11. Qd2 0-0 12. Rad1 Rac8 13. a3 Na5 14. e5 dxe5 15. fxe5 Qxe5 16. Nf3 Qc7 17. Bd4 Rfd8 18. Ne5 Nc6 19. Nxc6 Bxc6 20. Qg5 Ne8 21. Qh5 g6 22. Qh3 Bf8 23. Bd3 Rxd4 24. Bxg6 hxg6 25. Rxd4 Bg7 26. Rdf4 Nd6 27. Ne2 Nf5 28. Ng3 Qe5 29. Nxf5 exf5 30. Qh4 Re8 31. Qg5 Qxb2 32. h4 Qf6 33. Qg3 Bh6 34. R4f2 Re3 35. Rxf5 Rxg3 36. Rxf6 Rg4 37. Kh2 Rxg2+ 38. Kh3 Rxc2 39. h5 Bg2+ 0-1